000 00859nam a2200289Ia 4500
001 G7831
003 IT-RoPAU
008 130308s9999 xx 000 0 und d
040 _aIT-RoPAU
040 _cIT-RoPAU
041 _aITALIANO
100 _aCeretti Filippo
100 _gCodice Aut. SPICS: 48521
245 _aIngmar Bergman: il silenzio di Dio e il volto dell'uomo
245 _bCinema delle parabole (Il)-Vol.2
250 _a1a ed.
260 _aCANTALUPA (TORINO)
260 _bEffata'
260 _c2000 [1° Ed.:2000 - Ed.Ling.Originale:2000]
300 _a"30 p. (prefazione: no ; testo: 30 [pagine: 83-112])"
500 _aSfondo dell'Analisi: Assenza di Dio e Uomo Come Persona. Analisi del Film Persona.
650 _aSAGGI SUL CINEMA
650 _eCodice materia Spics: 6811
942 _cBK
957 _71
999 _c83976
_d83976
999 _g1